000 00282nam a22001337a 4500
008 210305b ||||| |||| 00| 0 eng d
041 _aeng
080 _a510
082 _a510
100 _a36
101 _aMAT
245 _aUndergraduate Topolgy
_cKasriel,H.R
942 _2udc
_cBK
999 _c55822
_d55822